书目信息 |
| 题名: |
世界名师的绘画课
|
|
| 作者: | 索安 著 ;宋扬 译 | |
| 分册: | ||
| 出版信息: | 北京 中国画报出版社 2019.10 |
|
| 页数: | 112页 | |
| 开本: | 16×21cm | |
| 丛书名: | ||
| 单 册: | ||
| 中图分类: | J21 | |
| 科图分类: | ||
| 主题词: | 人物画--绘画技法 | |
| 电子资源: | ||
| ISBN: | 978-7-5146-1759-7 | |
| 000 | 01382nam0 2200313 45 | |
| 001 | 012001000623 | |
| 005 | 20130909110518.0 | |
| 010 | @a978-7-5146-1759-7@b精装@dCNY58.00 | |
| 099 | @aCAL 012019134848 | |
| 100 | @a20191021d2019 km y0chiy0110 ea | |
| 101 | 1 | @achi@ceng |
| 102 | @aCN@b110000 | |
| 105 | @aac z 000yy | |
| 106 | @ar | |
| 200 | 1 | @a世界名师的绘画课@e人像入门@f(英) 黑兹尔·索安@g宋扬译 |
| 210 | @a北京@c中国画报出版社@d2019.10 | |
| 215 | @a112页@c彩图, 肖像@d16×21cm | |
| 300 | @a其他题名:人像入门 | |
| 305 | @a本书根据英国帕维莲(Pavilion)出版社2017年版译出 | |
| 312 | @a英文并列题名取自封面 | |
| 330 | @a在这本精致的“口袋书”中,国际知名画家黑兹尔索安将帮助你迅速掌握人像绘画的必备知识。你不仅能学到关于人体比例的基本知识,以及透视法和肖像画的技法,还能学到单人画像或群组画像的绘画技巧。黑兹尔会对不同的人物姿态和绘画媒介提出有针对性的绘画建议,帮助你创作出栩栩如生的人像作品。无论你是入门小白,还是资深高手或美术教学者,你都能够在这里找到实用的绘画小贴士。跟随书中深入简出的绘画指导,赏析富有启发性的绘画作品, 你将迅速获得创作人像绘画的信心,而这一切可能只需要一个下午的时间。 | |
| 500 | 10 | @aLearn to paint people quickly@mChinese |
| 517 | 1 | @a人像入门 |
| 606 | 0 | @a人物画@x绘画技法 |
| 690 | @aJ21@v5 | |
| 701 | 1 | @a索安@g(Soan, Hazel)@4著 |
| 702 | 0 | @a宋扬@4译 |
| 801 | @aCN@b江苏凤凰@c20211018 | |
| 905 | @b1340380-3@dJ21@e1211@f4 | |
| 世界名师的绘画课:人像入门/(英) 黑兹尔·索安/宋扬译.-北京:中国画报出版社,2019.10 |
| 112页:彩图, 肖像;16×21cm |
| 其他题名:人像入门 |
| ISBN 978-7-5146-1759-7(精装):CNY58.00 |
| 在这本精致的“口袋书”中,国际知名画家黑兹尔索安将帮助你迅速掌握人像绘画的必备知识。你不仅能学到关于人体比例的基本知识,以及透视法和肖像画的技法,还能学到单人画像或群组画像的绘画技巧。黑兹尔会对不同的人物姿态和绘画媒介提出有针对性的绘画建议,帮助你创作出栩栩如生的人像作品。无论你是入门小白,还是资深高手或美术教学者,你都能够在这里找到实用的绘画小贴士。跟随书中深入简出的绘画指导,赏析富有启发性的绘画作品, 你将迅速获得创作人像绘画的信心,而这一切可能只需要一个下午的时间。 |
| ● |
| 相关链接 |
|
|
|
|
正题名:世界名师的绘画课
索取号:J21/1211
 
预约/预借
| 序号 | 登录号 | 条形码 | 馆藏地/架位号 | 状态 | 备注 |
| 1 | 1340380 | 213403805 | 第一样本阅览室/ [索取号:J21/1211] | 在馆 | |
| 2 | 1340381 | 213403814 | 第一借阅区/ [索取号:J21/1211] | 在馆 | |
| 3 | 1340382 | 213403823 | 第一借阅区/ [索取号:J21/1211] | 在馆 | |
| 4 | 1340383 | 213403832 | 第一借阅区/ [索取号:J21/1211] | 在馆 |